| 000 | 00855nam a22002295i 4500 | ||
|---|---|---|---|
| 001 | 178400 | ||
| 003 | ES-MaACL | ||
| 005 | 20240514175552.0 | ||
| 008 | 110526s1968 sp |||| | spa d | ||
| 080 | _a94(460) | ||
| 080 | _a94(460.22)"11" | ||
| 245 | 0 | 3 |
_aLa campana de Huesca _b: Ramiro el monje. |
| 260 |
_aMadrid : _bDelblan, _cD. L. 1968. |
||
| 300 |
_a16 p. ; _c16 cm. |
||
| 490 | 1 |
_aMosaico cultural : colección de temas instructivos. 9. Anécdotas de la historia de España ; _v7 |
|
| 500 | _aEncuadernado con otros títulos. | ||
| 651 | 4 |
_aEspaña- _xHistoria. _98209 |
|
| 651 | 4 |
_aAragón (Reino)- _xHistoria- _y1134-1137 (Ramiro II) _9146756 |
|
| 830 | 0 |
_aMosaico cultural: colección de temas instructivos. Anécdotas de la historia de España _v7 _9190950 |
|
| 852 |
_aES-MaACL _jE-15196 (7) _xOlim P-1923 |
||
| 999 |
_c178400 _d178400 |
||